000 01493cam a22002054a 4500
005 20250605164142.0
008 250528s ||||||||||||||||||||||||d
035 _a18996
020 _a9602550147
040 _aGR-AtMCL
_bgre
_dGR-AtMCL
_eAACR2
245 1 _aΠροχωρημένη Χρηματοοικονομική Λογιστική.
_nΤεύχος Α'
260 _bΤο Οικονομικο,
_c1994
300 _a304
505 0 _aΠρόλογος, Θεμελιώδεις Παραδοχές και Αρχές της Χρηματοοικονομικής Λογιστικής, Αποθέματα, Αποτίμηση των Αποθεμάτων, Απαιτήσεις, Χρεόγραφα, Διαθέσιμα, Ενσώματα Πάγια Στοιχεία, Άυλα Πάγια και Πηγές Φυσικού Πλούτου, Το Ελληνικό Λογιστικό Σχέδιο, Παράρτημα.
520 _aΠρόλογος, Θεμελιώδεις Παραδοχές και Αρχές της Χρηματοοικονομικής Λογιστικής, Αποθέματα, Αποτίμηση των Αποθεμάτων, Απαιτήσεις, Χρεόγραφα, Διαθέσιμα, Ενσώματα Πάγια Στοιχεία, Άυλα Πάγια και Πηγές Φυσικού Πλούτου, Το Ελληνικό Λογιστικό Σχέδιο, Παράρτημα.
700 1 _aΠαπας Αντωνης Α
_95276
942 _cBK
999 _c4287
_d4287